000 00353nam a22001457a 4500
008 180814b xxu||||| |||| 00| 0 eng d
020 _a9780262231985
041 _aeng
080 _a574
082 _a574
100 _a9
101 _aMJE
245 _aStrengthening Compliance with International Environmental Accords
_cWeiss,E.B
942 _2udc
_cBK
999 _c47103
_d47103